| 000 | 02653nam0a2200397 4500 | ||
|---|---|---|---|
| 001 | RU\NLR\BIBL_A\012120466 | ||
| 005 | 20191025161703.0 | ||
| 010 |
_a978-5-89971-699-7 _9500 |
||
| 021 |
_aRU _bКН-П-19-069669 _9КН-П-19-5024 |
||
| 035 | _a(NLR Aleph) 012120466 | ||
| 035 | _a(RuMoRGB)010096647 | ||
| 090 |
_a11990106 _c11990106 |
||
| 100 | _a20191015d2019 k y0rusy50 ca | ||
| 101 | 0 |
_arus _aeng |
|
| 102 | _aRU | ||
| 105 | _aa|||z|||110zy | ||
| 200 | 1 |
_aАктуальные вопросы современного иноязычного образования _eматериалы Всероссийской научно-практической конференции (г. Армавир, 17 декабря 2018 г.) _fМинистерство науки и высшего образования Российской Федерации, Федеральное государственное бюджетное образовательное учреждение высшего образования "Армавирский государственный педагогический университет" _g[ответственный редактор - кандидат педагогических наук, доцент Е.А. Соболева] |
|
| 210 |
_aАрмавир _cАГПУ _d2019 |
||
| 215 |
_a255 с. _cил., табл. _d21 |
||
| 300 | _aЧасть текста англ. | ||
| 300 | _aНа обл.: АГПУ, 95 лет качества образования | ||
| 320 | _aБиблиогр. в конце ст. | ||
| 606 | 1 |
_aИностранные языки _xПреподавание _jСъезды, совещания и т.п _2nlr_sh2 _3RU\NLR\AUTH\66282140 |
|
| 610 | 0 | _aиностранный язык в школе | |
| 610 | 0 | _aиностранные языки в высшей школе | |
| 686 | 1 | _aЧ486.17(2Р)я431 | |
| 686 | 1 | _aЧ426.17(2Р)я431 | |
| 702 | 1 |
_aСоболева _bЕ. А. _cканд. пед. наук _f1953- _gЕвгения Александровна _3RU\NLR\AUTH\7765141 _4340 |
|
| 711 | 1 | 2 |
_a"Актуальные вопросы современного иноязычного образования", всероссийская научно-практическая конференция _f2018 _eАрмавир _3RU\NLR\AUTH\880511170 |
| 712 | 0 | 2 |
_aАрмавирский государственный педагогический университет _3RU\NLR\AUTH\8810064566 _4475 |
| 942 | _cBOOK | ||
| 980 | _aNBR | ||
| 980 | _aNB | ||